Evolución histórica y jurídica de los procesos de integración en la Unión Europea y en el Mercosur : liber amicorum Miguel Angel Ciuro Caldani /
Guardado en:
| Otros Autores: | |
|---|---|
| Formato: | Libro |
| Idioma: | Spanish |
| Publicado: |
Buenos Aires :
Eudeba,
2011
|
| Edición: | 1a. ed. |
| Materias: | |
| Etiquetas: |
Agregar Etiqueta
Sin Etiquetas, Sea el primero en etiquetar este registro!
|
| LEADER | 00624nam a22001575a 4500 | ||
|---|---|---|---|
| 001 | DER.der011289 | ||
| 008 | 180615s2011####ag#||||||||||||||#||spa|| | ||
| 005 | 20251112091653.0 | ||
| 245 | 1 | 0 | |a Evolución histórica y jurídica de los procesos de integración en la Unión Europea y en el Mercosur : |b liber amicorum Miguel Angel Ciuro Caldani / |c dirigido por Carlos Molina del Pozo. |
| 250 | |a 1a. ed. | ||
| 260 | |a Buenos Aires : |b Eudeba, |c 2011 | ||
| 300 | |a 439 p. | ||
| 020 | |a 9789502318578 | ||
| 700 | 1 | |a Molina del Pozo, Carlos, |e coord. | |
| 650 | 7 | |a DERECHO INTERNACIONAL PUBLICO | |
| 859 | |a DERECHO |b BIB. DERECHO |h 340.9 |i EVO |k 2.06 |p 006668 |t 1 | ||
